Desarrollo de un controlador con interfaz XBee para las etapas de potencia de una casa DC
Na minha lista:
| Autor principal: | |
|---|---|
| Outros Autores: | |
| Formato: | Livro |
| Idioma: | Spanish |
| Publicado em: |
[San José], Costa Rica
2015
|
| Assuntos: | |
| Tags: |
Adicionar Tag
Sem tags, seja o primeiro a adicionar uma tag!
|
MARC
| LEADER | 00000nam a22000007a 4500 | ||
|---|---|---|---|
| 003 | 012389 | ||
| 005 | 20230914152136.0 | ||
| 008 | 160705b2015 cr a|||| |||| 00| ||spa d | ||
| 040 | |c cru CEDI | ||
| 090 | |a TFG 7547 | ||
| 100 | |9 1507 |a Méndez Calvo, Jeancarlos, 1993- | ||
| 245 | |a Desarrollo de un controlador con interfaz XBee para las etapas de potencia de una casa DC | ||
| 260 | |a [San José], Costa Rica |c 2015 | ||
| 300 | |b xv, 53 hojas ; ilustraciones algunas a color | ||
| 500 | |a Proyecto de graduación (bachillerato en ingeniería eléctrica)--Universidad de Costa Rica. Facultad de Ingeniería. Escuela de Ingeniería Eléctrica | ||
| 501 | |a Profesor Guía de IE-0499 Proyecto Eléctrico: Ing. Sergio Valverde Vega | ||
| 650 | |x CONTROLES ELECTRICOS |x SISTEMAS DE TRANSMISION DE DATOS |x VIVIENDA - AUTOMATIZACION |x SISTEMAS DE CONTROL DIGITAL |x CONTROL AUTOMATICO |x INTERFASES GRAFICAS CON EL USUARIO (SISTEMAS PARA COMPUTADORA) |9 5168 | ||
| 700 | |9 830 |a Valverde Vega, Sergio Andrés, 1991- | ||
| 942 | |c CEDI | ||
| 999 | |c 16970 |d 16970 | ||
